02526cam a22003974i 4500003000900000005001700009008004100026035002000067040003300087100003900120245024100159264001000400300004000410336002100450337002500471338002300496502005900519504002700578520132800605526001001933526001001943526000901953526000901962526000901971526000901980526000901989526000901998526000902007526000802016526000802024526000802032526000802040526000802048650003802056700003402094PE-LiUPU20250731165437.0160524s2016 pe a grm 000 0 spa d a(Sirsi) a156805 aPE-LiUPUbspacPE-LiUPUerda1 aTorres Coca, Deybbie Lelanyeautor1 aEfectividad del programa educativo "Yo elijo una bebida saludable" en los conocimientos, actitudes y prácticas de consumo de gaseosas en trabajadores de una empresa panificadora de Chaclacayo, Lima, 2015 /cDeybbie Lelany Torres Coca. 0c2016. a189 hojas : bilustraciones;c30 cm atext2rdacontent aunmediated2rdamedia avolume2rdacarrier aTesisb(Lic.) -- cUniversidad Peruana Unión,d2016. aIncluye bibliografía3 aEl objetivo del estudio fue determinar la efectividad del programa educativo "Yo elijo una bebida saludable" en los conocimientos, actitudes y prácticas de consumo de gaseosas en trabajadores de una empresa panificadora. El estudio fue de enfoque cuantitativo de diseño pre experimental, (pre y post) y de corte longitudinal. La muestra estuvo conformada por 41 personas adultas de ambos sexos, entre 18 años a más. El programa estuvo organizado en 12 sesiones teóricas y prácticas. Los resultados mostraron que antes del programa, el 78% presentó un nivel de conocimientos bajo y después de la intervención el 97,6% evidenció un nivel entre regular y excelente (p=000). En cuanto al nivel de actitudes, antes de la intervención del programa el 51,2% tenía actitudes negativas y al finalizar el programa el 97,6% tenían actitudes positivas (p= 000). Finalmente, el 65.9% presento un nivel de práctica de consumo de gaseosas alto, pero después de la intervención, el 92.7% presentó un nivel de práctica de consumo bajo (p= 000). Los resultados fueron confirmados con la prueba estadística de Wilcoxon (p=0,000). En conclusión el programa fue efectivo porque mejoró los conocimientos, actitudes y prácticas sobre el consumo gaseosas en los trabajadores de una empresa panificadora. aSEG44 aSEG26 aP151 aP150 aP149 aP146 aP145 aP126 aP125 aP92 aP75 aP74 aP27 aP1504aBebidas gaseosasxConsumovTesis.1 aMalimba Chilón, Rutheautor